000
00340nam a2200145Ia 4500
008
230718s9999 xx 000 0 und d
041
_a
Eng.
082
_a
342.54
_b
RIA-P
100
_a
Riaz,Ahsan
245
0
_a
punjab local gournment act
260
_a
Pakistan
_b
Civil law publisher
_c
2013
300
_a
102
650
_a
Law
999
_c
30402
_d
30402